000 00470nam a22001937a 4500
003 LK-CoDNM
005 20241219114507.0
008 241219b |||||||| |||| 00| 0 eng d
040 _aLK-CoDNM
_dLK-CoDNM
_eLK-CoDNM
041 _aeng
080 _a2
_bD29
100 _aR.Phillips Dales
245 _aAnnelids
260 _aLondon
_bHutchinson University Library
_c1963
300 _a200p. : ill , 21 cm
650 _aScience
650 _a1963
942 _cBK
999 _c233615
_d233615